000
00334pab a2200145 454500
008
180718b2003 xxu||||| |||| 00| 0 eng d
100
_a
Granger, Ken
245
_a
Quantifying storm tide risk in Cairns
260
_c
2003
300
_a
p.165-85.
362
_a
Oct
650
_a
Storms
773
_a
Natural Hazards
909
_a
58690
999
_c
58690
_d
58690